000 00825nam a2200229 i 4500
001 33566
003 ES-MaACL
005 20230929062525.0
007 t|
008 030202s1970 sp ||||1| spa d
130 0 _aBiblia.
_pN.T.
_lEspañol.
_9119294
245 1 0 _aNuevo Testamento
_b: versión castellana de hacia 1260 /
_c[edición y estudio de Thomas Montgomery y Spuergeon W. Baldwin].
260 _aMadrid :
_bReal Academia Española,
_c1970.
300 _a657 p. ;
_c25 cm.
490 1 _aAnejos del Boletín de la Real Academia Española
700 1 _aMontgomery, Thomas.
_982637
700 1 _aBaldwin, Spuergeon W.
_924917
710 2 _aReal Academia Española
_96336
830 0 _aAnejos del Boletín de la Real Academia Española
_9180902
852 _aES-MaACL
_jE-6604
_bR.90834
999 _c33566
_d33566